000 00919nam a2200229 a 4500
001 79119
003 BD-RjUL
005 20221116110428.0
008 220104s2020 bg ||||| |||| 00| 0 ben d
020 _a9789843480835
_c: Tk. 800.00
035 _a(BD-RjUL)79119
040 _aBD-RjUL
_beng
_cBD-RjUL
041 _aben
082 _223
_a954.9205092
_bAOR 2020
245 _aবঙ্গবন্ধুর অর্থনৈতিক দর্শন /
_cআনু মাহ্‌মুদ সম্পাদিত
260 _aঢাকা :
_bপ্রিয় বুক সেন্টার
_c২০২০
300 _a৫২৭ পৃ.:
_bচিত্রসমূহ;
_c২২ সেমি.
600 _aমুজিবুর রহমান,
_cশেখ,
_d১৯২০-১৯৭৫
600 _aMujibur Rahman,
_cSheikh,
_d1920-1975
700 _aমাহ্‌মুদ, আনু
942 _2ddc
_cBK
999 _c79119
_d79119